00632cam a2200205 a 450000100100000000500170001000800410002702000150006804000250008308200180010810000260012624500340015226000400018630000200022649000270024658600820027365000240035565000260037965000210040500001011220200929161841.0960510s1994 sp 001 p spa  a8475223141 aDO-SdBNPbspacBNPHU a861.64bL966c1 aLuque, Aurora,d1962-10aCarpe noctem /cAurora Luque. aMadrid, (España) :bVisor,c1994. a68 p. ;c20 cm.1 aVisor de poesíav314 aPremio Rey Juan Carlos I de Poesía 1992 del Excmo Ayuntamiento de Marbella. 4aPoesía española 4aLiteratura española 4aPoesía amorosa